Baby girl names The Netherlands (2015) - Statistics

General Stats
  • This quiz has been taken 146 times
  • The average score is 8 of 20
Answer Stats
Rank Names % Correct
1 Emma
82%
5 Anna
74%
20 Isa
64%
6 Eva
62%
9 Sara
57%
3 Sophie
57%
2 Julia
55%
14 Lisa
53%
10 Zoë
39%
4 Mila
36%
7 Tess
34%
12 Evi
32%
8 Lotte
28%
18 Fleur
25%
13 Lieke
23%
19 Liv
22%
16 Lynn
21%
17 Saar
21%
11 Fenna
15%
15 Maud
14%
No matching quizzes found
Score Distribution
Percent of People with Each Score
Percentile by Number Answered
Your Score History
You have not taken this quiz